=LDR 00000nam 2200000 4500 =001 INLIS000000000810214 =005 20251113031853 =035 ##$$a 0010-1125000068 =245 ##$$a Kisah Para Nabi /$c Ibnu Katsir =250 ##$$a Cet. 16 =260 ##$$a Jakarta : :$b Pustaka Azzam,$c 2013 =008 251113###########################0###### =082 ##$$a 297.246 =084 ##$$a 297.246 KAT k =990 ##$$a 00000004725